Faculty of Law Library — Cairo University

Official Online Catalog

Traité théorique et pratique d'instruction criminelle et de procédure pénale. (Record no. 71349)

MARC details
000 -LEADER
fixed length control field 00971nam a2200289 i 4500
003 - CONTROL NUMBER IDENTIFIER
control field EG-GICUC
005 - DATE AND TIME OF LATEST TRANSACTION
control field 20260416103212.0
008 - FIXED-LENGTH DATA ELEMENTS--GENERAL INFORMATION
fixed length control field 260416s1912 fr |||fr|||| 000 0 fre d
040 ## - CATALOGING SOURCE
Original cataloging agency EG-GiCUC
Language of cataloging fre
Transcribing agency EG-GiCUC
Modifying agency EG-GiCUC
Description conventions rda
041 0# - LANGUAGE CODE
Language code of text/sound track or separate title fre
Language code of original fre
082 04 - DEWEY DECIMAL CLASSIFICATION NUMBER
Edition number 21
Classification number 343.3
Item number GA . T
092 04 - LOCALLY ASSIGNED DEWEY CALL NUMBER (OCLC)
Edition number 21
099 ## - LOCAL FREE-TEXT CALL NUMBER (OCLC)
Classification number Law1 10 343.3 GA . T 1912
100 0# - MAIN ENTRY--PERSONAL NAME
Personal name Garraud, René
Relator term Auteur
245 10 - TITLE STATEMENT
Title Traité théorique et pratique d'instruction criminelle et de procédure pénale.
Number of part/section of a work Tome Troisiéme /
Statement of responsibility, etc. Par René Garraud.
264 #1 - PRODUCTION, PUBLICATION, DISTRIBUTION, MANUFACTURE, AND COPYRIGHT NOTICE
Place of production, publication, distribution, manufacture Paris :
Name of producer, publisher, distributor, manufacturer Société anonyme du Recueil Sirey,
Date of production, publication, distribution, manufacture, or copyright notice 1912.
300 ## - PHYSICAL DESCRIPTION
Extent 630 pages ;
Dimensions 24 cm.
336 ## - CONTENT TYPE
Source rda contenu
Content type term texte
337 ## - MEDIA TYPE
Source rda medias
Media type term Ordinateur
338 ## - CARRIER TYPE
Source transporteur rda
Carrier type term Ressource en ligne
546 ## - LANGUAGE NOTE
Language note Texte en français
650 04 - SUBJECT ADDED ENTRY--TOPICAL TERM
Topical term or geographic name entry element Droit pénal
650 04 - SUBJECT ADDED ENTRY--TOPICAL TERM
Topical term or geographic name entry element Droit de procédure pénale
856 40 - ELECTRONIC LOCATION AND ACCESS
Uniform Resource Identifier <a href="https://fll.law.cu.edu.eg/fulltext/bks/B10-09137.pdf">https://fll.law.cu.edu.eg/fulltext/bks/B10-09137.pdf</a>
905 ## - Cataloger and Reviser Names
Cataloger Name: Gomana
942 ## - ADDED ENTRY ELEMENTS (KOHA)
Source of classification or shelving scheme Dewey Decimal Classification
Koha item type Books
Edition 21
Suppress in OPAC No
Holdings
Withdrawn status Lost status Source of classification or shelving scheme Materials specified (bound volume or other part) Damaged status Not for loan Collection Home library Current library Date acquired Total checkouts Full call number Barcode Date last seen Copy number Price effective from Koha item type
    Dewey Decimal Classification V3   Not for loan القانون الجنائي جــــامعة القــاهرة مكتبة كلية الحقوق - المبنى الرئيسي 16.04.2026   Law1 10 343.3 GA . T 1912 1009137 V3, C1 B10-09137 16.04.2026 1 16.04.2026 Books
    Dewey Decimal Classification       القانون الجنائي جــــامعة القــاهرة مكتبة كلية الحقوق - المبنى الرئيسي 18.04.2026   Law1 10 343.3 GA . T 1912 1000356 V3, C2 B10-00356 18.04.2026 2 18.04.2026 Books
    Dewey Decimal Classification       القانون الجنائي مكتبة كلية الحقوق - فـرع الشيخ زايد مكتبة كلية الحقوق - فـرع الشيخ زايد 20.04.2026   Law2 10 343.3 GA . T 1912 1010057 V3, C3 B10-10057 20.04.2026 3 20.04.2026 Books

© All rights reserved — Faculty of Law, Cairo University